| 000 | 00565nam a2200193Ia 4500 | ||
|---|---|---|---|
| 001 | 44494 | ||
| 008 | 140428s9999 xx 000 0 und d | ||
| 020 | _aNA | ||
| 040 | _cPK-LaUMT | ||
| 082 |
_aRHC 297.07 _bISM-I |
||
| 100 | _aIsmael Alraji Farooqi | ||
| 245 |
_aUloom-e-jadeed ki Islami tashkeel (Urdu) _bamoomi usool aur khatoot-e-kaar _cIsmael Alraji Farooqi<>Saleem, Muhammad |
||
| 260 |
_aLahore,Pakistan: _bIdarah Taleemi Tehqeeq, _c1989 |
||
| 300 | _a100 p. | ||
| 546 | _aUR | ||
| 650 | _aIslamic education | ||
| 700 | _aSaleem, Muhammad | ||
| 942 | _cBK | ||
| 999 |
_c42487 _d42487 |
||